Tovarovo - peňažné vzťahy v podmienkach urýchleného sociálno - ekonomického rozvoja záverečná práca postgraduálneho štúdia

Enregistré dans:
Détails bibliographiques
Auteur principal: Horský, Miroslav
Collectivité auteur: Vysoká škola ekonomická v Bratislave
Autres auteurs: Laučík, Zdenko
Format: Livre
Langue:slovaque
Publié: Bratislava 1989
Tags: Ajouter un tag
Pas de tags, Soyez le premier à ajouter un tag!

MARC

LEADER 00000nam a2200000 4500
001 c034007
005 20221215071700.8
041 0 |a slo 
044 |a SK 
245 1 0 |a Tovarovo - peňažné vzťahy v podmienkach urýchleného sociálno - ekonomického rozvoja  |b záverečná práca postgraduálneho štúdia  |c Miroslav Horský ; ved. práce Zdeno Laučík 
264 1 |a Bratislava  |c 1989 
300 |a 61 
100 1 |a Horský, Miroslav 
700 1 |a Laučík, Zdenko 
710 2 |a Vysoká škola ekonomická v Bratislave